| 000 | 01133cam a22003377a 4500 | ||
|---|---|---|---|
| 003 | CHAP | ||
| 005 | 20220817042233.0 | ||
| 008 | 971013s1981 it r 00010 eng d | ||
| 010 | _a38360 | ||
| 011 | _a39332 | ||
| 035 | _a43452 | ||
| 040 | _cCHAP | ||
| 082 |
_a338.372 _bF35 |
||
| 110 | _aFAO | ||
| 245 | 1 | 0 |
_aLegislation on coastal state requirements for foreign fishing _c/by FAO |
| 260 |
_aRome : _bFAO, _c1981 |
||
| 300 | _aviii, 411 p. | ||
| 490 | 0 |
_aEstudios legislativos _v; 21 |
|
| 590 |
_aBATCH-UPD _b10 _c20130110 _lUCH01 _h0159 |
||
| 590 |
_aBATCH-UPD _b10 _c20130110 _lUCH01 _h1715 |
||
| 590 |
_aCONVERSION _b10 _c20130109 _lUCH01 _h1321 |
||
| 650 | 1 | 4 |
_aPesca _xLeyes. _987396 |
| 700 | 0 |
_aMoore, Gerald K. _978068 |
|
| 830 | 0 | 0 |
_aEstudios legislativos _v; 21 _938550 |
| 901 | _aBK | ||
| 942 | _cLIBRO | ||
| 949 |
_a338.372 F35 _bBC _cFAO _d33724002208025 _eFAO2 _fc.4 _h70210 _i43452 _sb |
||
| 949 |
_a338.372 F35 _bBC _cFAO _d33724002208066 _eFAO1 _fc.3 _h69904 _i43452 _si |
||
| 949 |
_a338.372 F35 _bBC _cFAO _d33724002208108 _eFAO2 _fc.2 _h69903 _i43452 _si |
||
| 949 |
_a338.372 F35 _bBC _cFAO _d33724002208149 _eFAO1 _h69902 _i43452 _si |
||
| 999 |
_c38360 _d38360 |
||